| 000 | 00617nam a2200205 a 4500 | ||
|---|---|---|---|
| 005 | 20210223123927.0 | ||
| 008 | 991125n 000 0 spa u | ||
| 035 | _aUPN01000081880 | ||
| 100 | 1 |
_aLucio Gómez-Maqueo, María Emilia _939211 |
|
| 222 | 0 | _aREVISTA INTERCONTINENTAL DE PSICOLOGIA Y EDUCACION | |
| 245 | 0 | 3 | _aLa implicación de la subjetividad en el análisis conductual aplicado |
| 260 | _aMéxico | ||
| 300 | _a133-143 | ||
| 362 | 0 | _a1993 Vol. 6, nos. 1-2 | |
| 653 | 0 | _aEPISTEMOLOGIA | |
| 653 | 0 | _aPSICOANALISIS | |
| 653 | 0 | _aTERAPIA PSICOANALITICA | |
| 904 |
_aAC _b019691 |
||
| 905 | _aArticulo | ||
| 999 |
_c70166 _d70166 |
||